000 01308nam a2200289 a 4500
001 BRL_1907
005 20190320211429.0
008 170815s1927----gw-######d---#000-0#spa-#
041 _aspager
044 _agw
050 4 _aPC4645.G3
_b.D53 1927
245 1 0 _aEdición Langenscheidt, Diccionario manual de las lenguas española y alemana
_bpronunciacion figurada con arreglo al sistema fonetico del metodo Toussaint-Langenscheidt = Taschenworterbuch der spanischen und deutschen Sprache : Mit Angabe der Aussprache nach dem phonetischen System der Methode Toussaint-Langenscheidt
_crefundicion por Eberardo Vogel
250 _a21a ed.
260 _aBerlin
_bLangenscheidtsche Verlagsbuchhandlung
_c1927
300 _a2v.
_c16 cm.
500 _av.1 Au2146
500 _aTexto en: español y alemán
500 _aLangenscheidt
500 _aEstado físico: Tiene desprendido el lomo
505 0 _aContiene: v.1. Español-Aleman, v.2. Alemán-Español
650 1 4 _aEspañol
_vDiccionarios
_xAlemán
_95975
650 1 4 _aAlemán
_vDiccionarios
_xEspañol
_95976
700 1 _aVogel, Eberardo
_928203
740 0 _aTaschenworterbuch der spanischen und deutschen Sprache : Mit Angabe der Aussprache nach dem phonetischen System der Methode Toussaint-Langenscheidt
902 _aGRL
942 _2lcc
_cB
999 _c10715
_d10715